Comedias de capa y espada. La dama duende. No hay cosa como callar
Guardat en:
| Autor principal: | |
|---|---|
| Format: | Llibre |
| Idioma: | Undetermined |
| Publicat: |
Madrid, España
Espasa-Calpe
1973
|
| Matèries: | |
| Etiquetes: |
Afegir etiqueta
Sense etiquetes, Sigues el primer a etiquetar aquest registre!
|
MARC
| LEADER | 00000nam a2200000Ia 4500 | ||
|---|---|---|---|
| 008 | 170316s9999 xx 000 0 und d | ||
| 040 | |a cru BVZT | ||
| 090 | |a 862 C-3co | ||
| 100 | |a Calderón de la Barca, Pedro | ||
| 245 | |a Comedias de capa y espada. La dama duende. No hay cosa como callar |c Ángel Valbuena Briones, edición, prólogo y notas | ||
| 260 | |a Madrid, España | ||
| 260 | |b Espasa-Calpe | ||
| 260 | |c 1973 | ||
| 300 | |a 223 páginas | ||
| 650 | |a LITERATURA ESPAÑOLA | ||
| 650 | |a OBRAS DE TEATRO | ||
| 999 | |c 9736 |d 9736 | ||
| 942 | |c 15 D |h 862 C-3co |2 z | ||
